Pleito entre doña Gerónima de Sampedro contra don Juan de Granda Platero por los alimentos debidos al licenciado Gerónimo del Buey.

Detalles Bibliográficos
Formato: Libro
Publicado: s.l., s.f.
Materias:
Colección:Banco de datos
Acervo:Biblioteca Palafoxiana. Colección de Manuscritos
Descripción Física:27 f. ; 30.6 x 21.3 cm.
Tema general:Civil
LEADER 00437nam a22001330004500
035 |a 2139 
245 1 0 |a Pleito entre doña Gerónima de Sampedro contra don Juan de Granda Platero por los alimentos debidos al licenciado Gerónimo del Buey. 
260 |a s.l., s.f. 
300 |a 27 f. ; 30.6 x 21.3 cm. 
650 1 0 |a Civil 
949 |a 38120/010 
942 |c PALAMANU 
943 |g Biblioteca Palafoxiana. Colección de Manuscritos 
999 |c 1070084  |d 1070084